000 00336cam a22001217a 4500
008 180718b1955 xxu||||| |||| 00| 0 eng d
082 _aT000x54 Sa69
100 _aSapra, N.B.
245 _aThe technique of planning in India
_cby N.B. Sapra
260 _aPoona
_bV.R. Shingre
_c1955
300 _a171p.
650 _aIndia --Economic policy
999 _c430990
_d430990